00849cam a22002414a 4500999001700000001000800017003000400025005001700029008004100046040003100087041000800118044000700126080002100133100004500154245009200199260006700291300001400358650002300372650002000395650001900415942001200434952016100446 c11240d11240YPZ9576YPZ20260304100451.0260304s1970 ag grb 001 0 spa d cSIUNPAaSIUNPAbspaeAACR2 aspa aag a355.49(82) D476m aDestefani, Laurio H., d1924-2017eautor aManual de historia naval argentinac/ por el Capitán de Navío Laurio H. Destéfani aBuenos Airesb: Dirección de Abastecimientos Navalesc, 1970 a166 p. :  aHISTORIA ARGENTINA aFUERZAS ARMADAS aHISTORIA NAVAL cBK2udc 00102udc40708CGaBIB_RECTbBIB_UARGd2026-03-04eDonaciòn Armada Argentinag10000.00i05-02060o355.49(82) D476mp05-02060r2019-04-03w2019-04-03yBK